000 00236nam a2200097Ia 4500
008 240331s9999 xx 000 0 und d
082 _bTHI
100 _aThiruchandran,S
245 0 _aPen vidudalai vadathing prechchanai mayiyam
942 _cL
999 _c4766
_d4766